UITU Library & LRC     

Fundamentals of modern electric circuit analysis and filter synthesis: a transfer function approach (Record no. 18282)

MARC details
000 -LEADER
fixed length control field 00532nam a2200181Ia 4500
008 - FIXED-LENGTH DATA ELEMENTS--GENERAL INFORMATION
fixed length control field 240925s9999 xx 000 0 und d
020 ## - INTERNATIONAL STANDARD BOOK NUMBER
International Standard Book Number 9783030024833
082 ## - DEWEY DECIMAL CLASSIFICATION NUMBER
Classification number 621.3815 IZA
100 ## - MAIN ENTRY--PERSONAL NAME
Personal name Izadian, Afshin
245 #0 - TITLE STATEMENT
Title Fundamentals of modern electric circuit analysis and filter synthesis: a transfer function approach
250 ## - EDITION STATEMENT
Edition statement N/A
260 ## - PUBLICATION, DISTRIBUTION, ETC.
Place of publication, distribution, etc. New York:
Name of publisher, distributor, etc. Springer
Date of publication, distribution, etc. ,2019.
300 ## - PHYSICAL DESCRIPTION
Extent 532p.
Other physical details NA
Type of unit Original
500 ## - GENERAL NOTE
General note Includes Index
600 ## - SUBJECT ADDED ENTRY--PERSONAL NAME
Personal name Engineering Technology
650 ## - SUBJECT ADDED ENTRY--TOPICAL TERM
Topical term or geographic name entry element Technology
942 ## - ADDED ENTRY ELEMENTS (KOHA)
Koha item type Books
Holdings
Withdrawn status Lost status Damaged status Not for loan Collection Home library Current library Date acquired Source of acquisition Cost, normal purchase price Total checkouts Full call number Barcode Date last seen Price effective from Koha item type
        Engineering Technology UITU Library UITU Library 05/23/2024 Book World International 9911.68   621.3815 IZA Q15783 09/25/2024   Books

Powered by Koha